Influence of mandibular third molar on angle and condylar fracture /
Saved in:
| 主要作者: | |
|---|---|
| 格式: | Thesis 圖書 |
| 語言: | English |
| 出版: |
2007
|
| 主題: | |
| 標簽: |
添加標簽
沒有標簽, 成為第一個標記此記錄!
|
| LEADER | 00906cam a2200241 a 4500 | ||
|---|---|---|---|
| 001 | u776432 | ||
| 003 | SIRSI | ||
| 005 | 200907290922 | ||
| 008 | 090729s2007 my a m 000 0 eng | ||
| 040 | |a UMG | ||
| 096 | |a WU500 |b UM 2007 Amjmnhm | ||
| 100 | 0 | |a Amjad M. N. Haj Mahmoud. | |
| 245 | 1 | 0 | |a Influence of mandibular third molar on angle and condylar fracture / |c Amjad M. N. Haj Mahmoud. |
| 260 | |c 2007 | ||
| 300 | |a xi, 53 leaves : |b ill. (some col.) ; |c 30 cm. | ||
| 502 | |a Dissertation (M.Dent.Surg.) -- Jabatan Pembedahan Mulut dan Maxilofasial, Fakulti Pergigian, Universiti Malaya, 2007. | ||
| 504 | |a Bibliography: leaves 48-50. | ||
| 650 | 1 | 2 | |a Mandibular Prosthesis. |
| 650 | 1 | 2 | |a Surgery, Oral. |
| 710 | 2 | 0 | |a Universiti Malaya. |b Jabatan Pembedahan Mulut dan Maksilofasial. |
| 900 | |a HA | ||
| 596 | |a 10 | ||
| 999 | |a WU500 UM 2007 AMJMNHM |w NLM |c 1 |i A503686999 |l STACKS |m P10PERGIGI |r Y |s Y |t TESIS |u 5/8/2009 | ||
